| 000 | 00784nam a2200265 a 4500 | ||
|---|---|---|---|
| 001 | BRL_1678 | ||
| 005 | 20190320211323.0 | ||
| 008 | 280414s1983----sp-#######---#000-0#spa-# | ||
| 020 | _a8432037311 | ||
| 041 | _aspa | ||
| 044 | _asp | ||
| 050 | 4 |
_aPS3560.J46 _b.A98 1983 |
|
| 100 | 1 |
_aJennings, Gary _d1928-1999 _927613 |
|
| 245 | 1 | 0 |
_aAzteca _bNovela _cGary Jennings ; traducción del inglés por Maria de los Angeles Correa E. |
| 250 | _a2a ed., 4 reimpresión | ||
| 260 |
_aBarcelona _bPlaneta _c1983 |
||
| 300 |
_a865 p. _c21 cm. |
||
| 440 | 0 |
_aColección Contemporánea _927614 |
|
| 500 | _aAu2169 | ||
| 500 | _aTraducción de: Aztec. | ||
| 650 | 1 | 4 |
_aAztecas _vNovela _927615 |
| 700 | 1 |
_aCorrea E. , María de los Angeles _etr. _927616 |
|
| 902 | _aGRL | ||
| 942 |
_2lcc _cB |
||
| 999 |
_c10487 _d10487 |
||